000 00699nam a2200289Ia 4500
005 20260324141043.0
008 008 260324s9999 xx 000 0 eng d
020 _a9780429452444
037 _aEBOOK
040 _aCRL
040 _beng
040 _cCRL
041 _2eng
041 _aeng
084 _qCRL
100 _aThomas J. Espenshade
_91206747
245 0 _aKeys to Successful Immigration
245 0 _bImplications of the New Jersey Experience
260 _bTaylor and Francis
260 _c1997
365 _a
365 _b99.99
856 _uhttp://www.taylorfrancis.com/books/9780429452444
942 _cEBOOK
999 _c1809432
_d1809432